| 000 | 00682cam a22002411 4500 | ||
|---|---|---|---|
| 001 | sa 67001071 | ||
| 003 | DLC | ||
| 005 | 20260227112319.0 | ||
| 008 | 800612s1965 ii b 000 0 eng | ||
| 010 | _asa 67001071 | ||
| 035 | _a(OCoLC)6410333 | ||
| 040 |
_aDLC _cNOsU _dDLC |
||
| 042 | _apremarc | ||
| 050 | 0 | 0 |
_aJQ220.L3 _bM32 |
| 100 | 1 |
_aMajumdar, Asoke Kumar, _d1916- |
|
| 245 | 1 | 0 |
_aProblem of Hindi; _ba study, _cby A. K. Majumdar. |
| 260 |
_aBombay, _bBharatiya Vidya Bhavan, _c1965. |
||
| 300 |
_axiii, 165 p. _c19 cm. |
||
| 440 | 0 |
_aBhavan's book university, _v133 |
|
| 504 | _aBibliographical footnotes. | ||
| 651 | 0 |
_aIndia _xLanguages. |
|
| 650 | 0 | _aHindi language. | |
| 999 |
_c72356 _d72356 |
||